000 00691nam a2200241Ia 4500
003 OSt
005 20221007070221.0
006 a|||||r|||| 00| 0
007 ta
008 221006b |||||||| |||| 00| 0 eng d
024 _a17,107
037 _cTextual
040 _aFLL
_cFLL
_beng
041 _2eng
_aeng
082 _aX9J:926.1.N6, L3
110 _aInternational labour organisation
245 0 _aMechanisation and employment in agriculture
260 _aGeneva
_bInternational labour office Switzerland
_c1973
300 _a192p
_ccm.
700 _aInternational labour organisation
942 _hX9J:926.1.N6, L3
_cTEXL
_2CC
999 _c1139831
_d1139831